000 00310nam a2200133Ia 4500
005 20251222141926.0
008 251222s9999||||xx |||||||||||||| ||spa||
020 _a950-07-2685-8
082 _a337.8/O57
100 _aOppenheimer, Andrés
245 0 _aCuentos Chinos:
264 _bSudamericana
942 _cLIB
999 _c8869
_d8869